=LDR 00000nam 2200000 4500 =001 INLIS000000000034949 =005 20130612140836 =008 ***********************************ind** =035 ##$$0010-061300000034949 =041 ##$$a ind =082 ##$$a 028.5 =090 ##$$a 028.5, War b =100 ##$$a WARDHANA, Eko =245 ##$$a Big Bos grok - grok, Eka Wardana ; ilustrasi, Adi Wawa =260 ##$$a 2006 $b Bandung =300 ##$$a 24 hlm, ilus, 15 cm =650 ##$$a Bacaan Kanak-kanak =700 ##$$a Wawa, Adi =850 ##$$a NBPNMAT